000 01185 am a2200385 a 4500
005 20231212111934.0
008 100916s1997||||sp d f |||| 001 0 spa d
020 _a8425412056
041 _aspa
092 _c153.6
_l95
_sWAT
100 1 _aWatzlawick, P.
_91481
245 _aTeoría de la comunicación humana.
_bInteracciones, patologías y paradojas /
_cPaul Watzlawick
250 _a11a ed.
260 _aBarcelona:
_bHerder;
_c1997.
300 _a260 p.
500 _aWatzlawick, P. (1997). Teoría de la comunicación humana. Interacciones, patologías y paradojas. (11a ed.). Barcelona : Herder.
590 _aBiblioteca de Psicología. Textos Universitarios.
653 _aAxiomas exploratorios de la comunicación
653 _aComunicación patológica
653 _aOrganización de la interacción humana
653 _aComunicación paradójica
653 _aParadojas en psicoterapia
700 1 _aBeavin Bavelas, J.
_91482
700 1 _aJackson, J. J.
_91483
930 _a413
930 _a414
930 _a415
930 _a416
930 _a417
930 _a418
930 _a419
930 _a420
930 _a421
942 _2ddc
_cBK
999 _c738
_d738